000 00800nam a2200229 a 4500
001 BRCA_829
005 20190320203152.0
008 950310s1993 be-a---##c---#000-0#dut-#
020 _a9069880598
040 _aDLC
_cDLC
041 _adut
050 4 _aNK7114
_b.M49 1993
245 1 0 _aMexicaans Zilver = Mexican Silver.
260 _a[Bruselas
_bFoundation Europalia International
_c1993]
300 _a173 p.
_bil. (algunas a color)
_c27 cm.
500 _aCatálogo de la exposición realizada en el Museum voor Sierkunst (Ghent, Belgium), 25 septiembre - 12 diciembre, 1993
546 _aTexto en : alemán e inglés
650 1 4 _aTrabajo en plata
_vExposiciones
_zMéxico
_92757
710 2 _aMuseum voor Sierkunst
_92758
711 2 _aEuropalia
_d1993
_cBrussels, Belgium
_92759
942 _2lcc
_cB
999 _c724
_d724